A new wood preservative for estates (Record no. 53457)

MARC details
000 -LEADER
fixed length control field 00293nam a2200121Ia 4500
100 ## - MAIN ENTRY--AUTHOR NAME
Personal name Boocock D
245 #2 - TITLE STATEMENT
Title A new wood preservative for estates
260 ## - PUBLICATION, DISTRIBUTION, ETC. (IMPRINT)
Name of publisher Planter
Year of publication 1956
300 ## - PHYSICAL DESCRIPTION
Number of Pages 258-261
650 ## - SUBJECT ADDED ENTRY--TOPICAL TERM
Topical Term Wood preservative
942 ## - ADDED ENTRY ELEMENTS (KOHA)
Koha item type Journals
Holdings
Withdrawn status Lost status Damaged status Not for loan Home library Current library Shelving location Date acquired Serial Enumeration / chronology Koha item type
      Journals RRII Library RRII Library Rubber general 17/12/2021 Volume 32, Issue 5 Journals